000 00475pab a2200181 454500
008 180718b2002 xxu||||| |||| 00| 0 eng d
100 _aSai, Y.V.S.T.
245 _aFree trade in agriculture - issues and concerns for Indian farmer
260 _c2002
300 _ap.470-87.
362 _aDec
650 _aFarmes - India
650 _aAgriculture - India
650 _aFree trade - India
650 _aFree trade
773 _aAsian Economic Review
909 _a55383
999 _c55383
_d55383